| 000 | 00743cab a2200193 4500 | ||
|---|---|---|---|
| 001 | WB2838-36 | ||
| 008 | 090401t1992 xxu||||| |||| 00| 0 eng d | ||
| 035 | _a(Sirsi) u26238 | ||
| 041 | _aeng | ||
| 245 | _aNew lease of life | ||
| 260 | _c1992 | ||
| 350 | _a0 | ||
| 490 |
_aMoney Week _v(276) 30 September 1992, 40(1) |
||
| 520 | _aA draft discussion document detailing plans for the stockmarket flotation and merging of BES companies will be sent out by the BES Association. The industry wants new legislation which will pave the way for flotation of new residential property companies formed from the amalgamation of BES companies. | ||
| 650 | _aBUSINESS EXPANSION SCHEMES | ||
| 690 | _aHOUSING | ||
| 942 | _n0 | ||
| 948 | _c04/03/1997 | ||
| 999 |
_c17618 _d17618 |
||